Normal view
MARC view
Entry Topical Term
001 - CONTROL NUMBER
- control field: 15456
003 - CONTROL NUMBER IDENTIFIER
- control field: BD-RjUL
005 - DATE AND TIME OF LATEST TRANSACTION
- control field: 20250513141413.0
008 - FIXED-LENGTH DATA ELEMENTS
- fixed length control field: 250513|| aca||aabn | a|a d
040 ## - CATALOGING SOURCE
- Original cataloging agency: BD-RjUL
- Transcribing agency: BD-RjUL
150 ## - HEADING--TOPICAL TERM
- Topical term or geographic name entry element: Urdu literature
- Geographic subdivision: India
- Geographic subdivision: Hyderabad (State)
- General subdivision: History and criticism
670 ## - SOURCE DATA FOUND
- Source citation: Work cat.: (BD-RjUL)84922: K̲h̲ān̲, Mīr Aḥmaduddīn ʻAlī, 1938- 15455, عہد عثمانى میں اردو خدمات / ʻAhd-i ʻUsmānī men̲ Urdū k̲h̲idmāt, 1979.